000 00486nam a22001937a 4500
005 20230522164329.0
008 230522b |||||||| |||| 00| 0 eng d
020 _a9789339221638
082 _a621.815
_bBUD-S
100 _aBudynas;Richard.G
245 _aShigley's Mechanical Engineering Design
250 _a10th ed.
260 _aIndia
_bMcGraw-Hill
_c2016
300 _a1082
500 _aInclude Index
650 _aEngineering
700 _aRichard G.Budynas
999 _c18384
_d18384